Orígenes de la inquisición española: el Tribunal de Valencia, 1478-1530

Uloženo v:
Podrobná bibliografie
Hlavní autor: García Cárcel, Ricardo (Autor)
Médium: Kniha
Jazyk:španělština
Vydáno: Barcelona, España Península 1976
Vydání:Primera edición
Edice:Universitaria, 132
Témata:
Tagy: Přidat tag
Žádné tagy, Buďte první, kdo vytvoří štítek k tomuto záznamu!

MARC

LEADER 00000nam a2200000 a 4500
001 UCW8446
003 CL-VaPUC
005 20241115095427.0
008 880908e19760000SP |||||||||||||||||spa|d
999 |c 220816  |d 220814 
020 |a 8429712127 
040 |c Pontificia Universidad Católica de Valparaíso 
082 0 4 |a 272.2 GAR 1976  |2 21 
100 |a García Cárcel, Ricardo  |e author  |9 520346 
245 1 0 |a Orígenes de la inquisición española:  |b  el Tribunal de Valencia, 1478-1530 
250 |a Primera edición 
260 |a Barcelona, España  |b Península  |c 1976 
300 |a 306 páginas 
490 0 |a Universitaria,  |v  132 
500 |a Apéndice: Nómina de procesados por la Inquisición valenciana 1484-1530 
583 |a last modification  |c 19880908 00:00:00  |k Rodrigo Vera 
650 0 |a Inquisición española  |9 313621 
650 7 |a HISTORIA DE ESPAÑA  |2 CL-VaPUC  |9 313622  |y 1478-1530 
852 |a BIBCUR 
942 |c BK  |2 ddc 
945 |d 19880908 00:00:00 
952 |0 0  |1 0  |2 ddc  |4 0  |6 272_200000000000000_GAR_1976  |7 0  |8 A  |9 213522  |a BIBHIS  |b BIBHIS  |d 2019-11-15  |i 2818612  |l 1  |o 272.2 GAR 1976  |p 2818612  |r 2025-01-20  |s 2024-12-09  |t 1  |w 2019-11-15  |y BK  |k HIS